| 000 | 00585nam a2200205Ia 4500 | ||
|---|---|---|---|
| 003 | GCL | ||
| 008 | 140319s9999 xx 000 0 ara d | ||
| 040 |
_aGCL / _cGCL |
||
| 082 | 0 | 4 |
_a613.7 _bهـ?ك |
| 100 | 1 | _aدينا اليوسف | |
| 245 | 1 | 0 |
_aكيف تهذبين نفسك (اليوغا) / _cدينا اليوسف |
| 700 | 1 | _aمحمد غزلان | |
| 700 | 1 | _aهالة عمر | |
| 300 | _a98 ص | ||
| 490 |
_aموسوعة عالم المراة _v0 |
||
| 650 | 0 | 4 | _aالاستخدام العلاجى |
| 650 | 0 | 4 | _aالتدريب |
| 650 | 0 | 4 | _aاليوجا |
| 942 |
_2ddc _cBK |
||
| 999 |
_c45651 _d45651 |
||